Представление документа в формате RUSMARC

ПолеНазваниеЗначение
  Тип записи a
  Библиографический уровень a
001 Контрольный номер RU/УОНБ/EK_KRAY/320862215
005 Дата корректировки 20250324122536.1
100 Данные общей обработки __
a Данные общей обработки 19990514d1999 u u0rusy0103 ba
101 Язык документа 0_
a Язык текста rus
200 Заглавие и сведения об ответственности 1_
a Заглавие Для них такая музыка дороже, чем брильянт!
210 Выходные данные 1_
d Дата издания 1999
330 Аннотация __
a Аннотация Итоги обл. фестиваля самодеят. творчества, посвящ. 200-летию А.С. Пушкина.
461 Уровень набора _0
1 2001
a Народная газета
463 Уровень физической единицы _0
1 2000
a 27 апр.
1 210
d 1999
610 Ключевые слова 0_
a Ключевые слова фестиваль
610 Ключевые слова 0_
a Ключевые слова 200-летие
686 Индексы других классификаций __
a Классификационный индекс 85.7
2 Код системы rubbk
700 Автор _1
a Фамилия Фомина
b Имя (инициалы) Т.
801 Источник записи _0
a Страна RU
b Организация Ульяновская ОНБ
c Дата составления 19990514
g Правила каталогизации PSBO
801 Источник записи _1
a Страна RU
b Организация Ульяновская ОНБ
c Дата составления 19990514
901 Тип документа __
t Тип документа f
938 Служебная информация __
a Имя БД kraeved_work
b Имя библиотеки УОНБ
c Имя АИБС МАРК-SQL
d Номер DOC_ID в БД 6225